Statistiques concernant Quiz Kaido - One Piece

Cliquez ici pour prendre le quiz!

Statistiques générales

  • Ce quiz a été pris 246 fois
  • Le résultat moyen est 8 sur 10

Statistiques - réponses

QuestionRéponse% Correct
Avec quelle autre empereur Kaido a-t-il fait une alliance ?Big Mom
99%
Quelle est le nom de l'équipage de Kaido ?L'équipage aux cents bêtes
99%
De quelle type de fruit du démon s'agit-il ?Zoan mythique
96%
De quelle équipage de célèbre pirate a fait parti Kaido ?L'équipage de Xebec
95%
Quelle est le rire de Kaido ? (source : onepiece.fandom)Worororororo
92%
Quelle est le nom du scientifique qui fabrique les fruits du démon artificiels ?César clown
89%
Quelle est le fruit du démon de Kaido ?Uo Uo no mi modèle Seiryu
76%
Quelle est la prime de Kaido ?4 611 100 000 berry
62%
Le quel des subordonnées de Kaido possède le fruit du démon Wara wara no mi ?Basil Hawkins
57%
Quelle personne ne fait pas parti de l'équipage de Kaido ?Kurozumi Orochi
55%

Distribution des résultats

Percentile par nombre de réponses

% des personnes avec chaque résultat

Votre développement - résultats

Vous n’avez pas pris ce quiz